000 01110nam a2200289Ia 4500
003 OSt
005 20221005110629.0
006 a|||||r|||| 00| 0
007 ta
008 221004b |||||||| |||| 00| 0 hin d
020 _cINR 125.00
024 _a38041
037 _bBW/1689, 15/03/2018, Bookwell
_cTextual
040 _aCRL
_cCRL
_bhin
041 _2hin
_ahin
082 _aO152,8N56x, P0
100 _aदुबे, अश्विनी कुमार, ले.
_9159482
245 0 _aशहर बंद है
246 _aShahar banda hai
260 _aनई दिल्ली
_bभारतीय ज्ञानपीठ भारत
_c2000
300 _a179पृ0
_ccm.
490 _aलोकोदय ग्रन्थमाला; ग्रन्थांक 608
650 _a हिन्दी साहित्य
650 _aहिन्दी हास्य व्यग्ंय
942 _hO152,8N56x, P0
_cTEXL
_2cc
999 _c1019396
_d1019396